Statistics for Mystery Taylor Swift Song #4

Click here to take the quiz!

General Stats

  • This quiz has been taken 1,362 times
    (1,143 since last reset)
  • The average score is 42 of 95

Answer Stats

Song% Correct
a
96%
I
95%
you
91%
Red
83%
the
82%
me
81%
we
81%
to
73%
And
72%
do
71%
your
69%
ever
68%
It
68%
in
67%
know
63%
no
62%
that
62%
you're
62%
my
61%
on
60%
don't
58%
This
58%
of
57%
time
56%
think
55%
never
54%
not
53%
could
52%
every
50%
say
50%
almost
49%
bet
48%
at
47%
if
47%
just
47%
up
47%
'bout
46%
It's
46%
by
45%
can't
45%
night
45%
tell
44%
everything
43%
I Almost Do
43%
wish
43%
call
41%
'Cause
40%
from
40%
out
40%
still
40%
run
39%
with
39%
takes
38%
hope
37%
wanna
37%
hate
36%
or
36%
Oh
34%
babe
33%
long
33%
off
33%
city
32%
Looking
32%
sittin'
32%
way
32%
window
32%
wonder
32%
hard
31%
Sometimes
31%
chair
30%
tired
30%
week
30%
again
29%
better
29%
occurred
29%
there's
29%
another
28%
dreams
28%
goodbye
28%
Hello
28%
made
28%
mess
28%
moved
28%
try
28%
risk
27%
each
26%
either
26%
reach
26%
face
25%
reply
25%
probably
24%
asking
23%
quite
23%
touching
23%
confess
22%

Score Distribution

Percentile by Number Answered

Percent of People with Each Score

Your Score History

You have not taken this quiz since the last reset